000 00301nam a22001457a 4500
008 221019b ||||| |||| 00| 0 eng d
020 _a047180671
041 _aeng
080 _a159.9
082 _a159.9
100 _a24.1
101 _aPSI
245 _aDEPRESSION
_cWILLNER P
942 _2udc
_cBK
999 _c58609
_d58609